| 000 | 00611nam a22001937a 4500 | ||
|---|---|---|---|
| 999 |
_c10729 _d10729 |
||
| 003 | AR-CdUCM | ||
| 008 | 190401b ||||| |||| 00| 0 spa d | ||
| 040 |
_aMUNICIPALIDAD PROVINCIAL DEL CUSCO _cBIBLIOTECA MUNICIPAL DEL CUSCO |
||
| 082 |
_aEP / 813 / _bC93 |
||
| 245 | _aCuentos y leyendas Griegas / | ||
| 260 |
_aBarcelona : _bEdit. Molino, _c1960. |
||
| 300 |
_a85 paginas ; _bIlustraciones _c29 cm. |
||
| 505 | _aContenido :Cuentos griegos / | ||
| 650 |
_aLiteratura educacional primaria _927715 |
||
| 650 |
_aCuentos _9217 |
||
| 700 |
_aCharles Kiingsley _927726 |
||
| 942 |
_2ddc _cLIBROS |
||
| 945 | _arjall | ||